00462 2200181 4500001002100000005001500021008004100036020001800077035001900095041000700114082000800121090001400129100002700143245004600170260003100216300001800247650001500265INLIS00000000001958920241224115728241224||||||||| | ||| |||| || |  a979-33-0484-7 0010-1224019589 aid0 a370 a370 MAR b0 aAbdullah Muzi Marpaung00aBAGAIMANA MEMBESARKAN BALON TANPA DITIUP? aSolobTiga Serangkaic2006 a24hlm;24x17cm 0apendidikan